[Event "TUR-chT Clubs"]
[Site "Konya"]
[Date "2019.07.19"]
[Round "6.17"]
[White "Kartal, Ilkay"]
[Black "Kilic, Gulseren"]
[Result "0-1"]
[WhiteElo "1043"]
[BlackElo "1422"]
[PlyCount "86"]
[EventDate "2019.07.16"]
[EventType "team-swiss"]
[EventRounds "9"]
[EventCountry "TUR"]
[SourceTitle "CBM 191 Extra"]
[Source "ChessBase"]
[SourceDate "2019.09.30"]
[SourceVersion "1"]
[SourceVersionDate "2019.09.30"]
[SourceQuality "1"]
[WhiteTeam "Kadirli Savrun"]
[BlackTeam "Engin Gulec Genclik"]
[WhiteTeamCountry "TUR"]
[BlackTeamCountry "TUR"]

1. e4 c5 2. Nc3 g6 3. f4 Bg7 4. Nf3 Nc6 5. Bb5 Nf6 6. Bxc6 bxc6 7. 0-0 0-0 8. f5 d6 9. d3 gxf5 10. Bg5 fxe4 11. Bxf6 Bxf6 12. Nxe4 e5 13. Nd4 Bg7 14. Qh5 cxd4 15. Ng5 h6 16. Nxf7 Rxf7 17. Qxf7+ Kh7 18. Rf3 Qd7 19. Qh5 Qg4 20. Qf7 Qe6 21. Qh5 Bd7 22. Raf1 Be8 23. Qh4 Bg6 24. g4 e4 25. dxe4 Qxe4 26. Rd3 Rf8 27. Re1 Qf4 28. Rh3 Bxc2 29. g5 Qxh4 30. Rxh4 Rf5 31. gxh6 Be5 32. Re2 d3 33. Rg2 c5 34. Re4 Bd4+ 35. Rxd4 cxd4 36. Rd2 Kxh6 37. Kg2 Re5 38. Kf2 Kg5 39. Kf3 Kh4 40. Rg2 Re3+ 41. Kf4 Re2 42. Rg8 Rf2+ 43. Ke4 d2+ 0-1

[Event "TUR-chT Clubs"]
[Site "Konya"]
[Date "2019.07.16"]
[Round "1.18"]
[White "Kilic, Gulseren"]
[Black "Tastekin, Ebrar Gozde"]
[Result "1-0"]
[WhiteElo "1422"]
[BlackElo "1343"]
[PlyCount "56"]
[EventDate "2019.07.16"]
[EventType "team-swiss"]
[EventRounds "9"]
[EventCountry "TUR"]
[SourceTitle "CBM 191 Extra"]
[Source "ChessBase"]
[SourceDate "2019.09.30"]
[SourceVersion "1"]
[SourceVersionDate "2019.09.30"]
[SourceQuality "1"]
[WhiteTeam "Engin Gulec Genclik"]
[BlackTeam "Mustafa Kemal Ortaokulu"]
[WhiteTeamCountry "TUR"]
[BlackTeamCountry "TUR"]

1. e4 c5 2. Nf3 d6 3. d4 cxd4 4. Nxd4 g6 5. c4 Bg7 6. Nc3 Nf6 7. Be2 0-0 8. Be3 Bd7 9. f4 Nc6 10. 0-0 a6 11. Kh1 Rc8 12. Rc1 e5 13. Nxc6 Bxc6 14. Bf3 Bh6 15. Qd2 Qd7 16. Nd5 Bxd5 17. exd5 Ng4 18. Bxg4 Qxg4 19. Rf3 Qd7 20. fxe5 Bxe3 21. Rxe3 Qf5 22. Qe2 dxe5 23. Rxe5 Qf4 24. Rc3 Kg7 25. Re7 Rfe8 26. Rxe8 Rxe8 27. Qd1 Qd4 28. Qxd4+ f6 1-0

[Event "TUR-ch (Women)"]
[Site "Aksu"]
[Date "2017.03.09"]
[Round "7"]
[White "Demirtas, Hafize"]
[Black "Kilic, Gulseren"]
[Result "1-0"]
[WhiteElo "1622"]
[BlackElo "1469"]
[PlyCount "71"]
[EventDate "2017.03.06"]
[EventType "swiss"]
[EventRounds "9"]
[EventCountry "TUR"]
[SourceTitle "CBM 177 Extra"]
[Source "ChessBase"]
[SourceDate "2017.04.27"]
[SourceVersion "1"]
[SourceVersionDate "2017.04.27"]
[SourceQuality "1"]

1. b3 d5 2. Bb2 c5 3. e3 Nc6 4. Bb5 Bd7 5. f4 a6 6. Bxc6 Bxc6 7. Nf3 e6 8. 0-0 Nf6 9. Ne5 d4 10. Nxc6 bxc6 11. Na3 Be7 12. Qf3 Rc8 13. Nc4 Qd5 14. Qg3 Rd8 15. d3 g6 16. e4 Qh5 17. Rae1 Qh6 18. Bc1 Qg7 19. f5 Nd7 20. Qh3 e5 21. Bh6 Qg8 22. f6 Bf8 23. Bd2 h5 24. Qh4 Bh6 25. Bxh6 Rxh6 26. Qg5 Rh7 27. Nxe5 Qf8 28. Nxc6 Rc8 29. Ne7 Rc7 30. e5 Rh6 31. e6 Nb6 32. exf7+ Kxf7 33. Nd5 Rb7 34. Nxb6 Qd6 35. Re7+ Rxe7 36. fxe7+ 1-0

[Event "TUR Cup"]
[Site "Antalya"]
[Date "2017.02.04"]
[Round "11"]
[White "Kilic, Gulseren"]
[Black "Elalmis, Husamettin"]
[Result "0-1"]
[WhiteElo "1469"]
[BlackElo "1736"]
[PlyCount "64"]
[EventDate "2017.01.28"]
[EventType "swiss"]
[EventRounds "11"]
[EventCountry "TUR"]
[SourceTitle "EXT 2018"]
[Source "ChessBase"]
[SourceDate "2017.10.13"]
[SourceVersion "1"]
[SourceVersionDate "2017.10.13"]
[SourceQuality "1"]

1. e4 c5 2. Nf3 d6 3. Bb5+ Bd7 4. Bxd7+ Qxd7 5. 0-0 Nc6 6. Re1 Nf6 7. c3 e6 8. d4 d5 9. e5 Ne4 10. Nbd2 Nxd2 11. Bxd2 cxd4 12. cxd4 Be7 13. Bg5 Bb4 14. Re3 h6 15. Bf4 g5 16. Bg3 Ba5 17. h4 g4 18. Nh2 h5 19. f3 Bb6 20. Rd3 gxf3 21. Nxf3 0-0-0 22. Rc1 Kb8 23. Bf2 Rdg8 24. a3 Rg4 25. b4 Rhg8 26. Ng5 Qe7 27. Rc2 Qe8 28. Rcd2 Ne7 29. Rg3 Rxh4 30. Rf3 Rg4 31. Nxf7 Rxg2+ 32. Kf1 Nf5 0-1

[Event "Hatay op 7th"]
[Site "Hatay"]
[Date "2016.08.27"]
[Round "1"]
[White "Kilic, Gulseren"]
[Black "Guseynov, Alihan"]
[Result "0-1"]
[WhiteElo "1515"]
[BlackElo "2298"]
[PlyCount "96"]
[EventDate "2016.08.27"]
[EventType "swiss"]
[EventRounds "9"]
[EventCountry "TUR"]
[SourceTitle "CBM 174 Extra"]
[Source "ChessBase"]
[SourceDate "2016.10.10"]
[SourceVersion "1"]
[SourceVersionDate "2016.10.10"]
[SourceQuality "1"]

1. e4 c5 2. Nc3 Nc6 3. g3 g6 4. Bg2 Bg7 5. d3 e6 6. Be3 d6 7. f4 Nge7 8. Nf3 Nd4 9. Qd2 0-0 10. 0-0 Rb8 11. a4 a6 12. Rf2 b5 13. axb5 axb5 14. Bxd4 cxd4 15. Ne2 Nc6 16. g4 f5 17. exf5 exf5 18. g5 Bb7 19. h4 Re8 20. Ng3 Qb6 21. h5 Kf7 22. Nh4 Ne7 23. Qa5 Qxa5 24. Rxa5 Bxg2 25. Kxg2 Nc6 26. Ra6 Rec8 27. h6 Bf8 28. Nf3 Rb7 29. c3 dxc3 30. bxc3 Nd8 31. Ne2 Ne6 32. d4 Nc7 33. Rc6 Ra8 34. Rf1 Ra2 35. Re1 Nd5 36. Kg3 Rc2 37. Nfg1 Re7 38. Kf2 Nb4 39. Rb6 Nd3+ 40. Kf1 Nxe1 41. Kxe1 Ra7 42. Nf3 Raa2 43. Rb7+ Be7 44. Nfg1 Ra1+ 45. Kf2 Rxg1 46. Kxg1 Rxe2 47. Rxb5 Re3 48. c4 Re4 0-1